000 00893nam a2200217Ia 4500
001 10182
003 GE_BSU
008 181216s||||||||xx |||||||||||||| ||und||
040 _cGE_BSU
080 _a821.353.1–4+63(479.223)(092)
100 _aრურუა,ილია
245 _aვითარცა სკაში თაფლი
245 _bნარკვევები აჭარელ სოფლის მშრომელებზე.
245 _cრედ:ზ.ფირცხალაიშვილი;მხატვ:ზ.ხაბაძე.
260 _aბათუმი
260 _bსაბჭ.აჭარა
260 _c1982
300 _a163გვ;16სმ.
653 _aვითარცა სკაში თაფლი:ნარკვევები აჭარულ სოფლის მშრომელებზე.
942 _cBK
999 _c43451
_d43451